000 01133cam a2200337 a 4500
005 20260322212015.0
008 data
010 _a 96013171
020 _a0789409976
020 _a9780789409973
040 _aDLC
_cDLC
_dDLC
042 _alcac
050 0 0 _aD426
_b.D54 1996
082 0 0 _a909.8/02/02
_220
092 _a909.8 Ada 1996
100 1 _aAdams, Simon,
_d1955-
245 1 4 _aThe DK visual timeline of the 20th century /
_cSimon Adams & DK Publishing, Inc.
246 3 0 _aVisual timeline of the 20th century
250 _a1st American ed.
260 _aNew York :
_bDK Publishing,
_c1996.
300 _a48 p. :
_bcol. ill. ;
_c32 cm.
500 _aIncludes index.
520 _aCovers major events and discoveries of the twentieth century in chronological sequence.
650 0 _aHistory, Modern
_y20th century
_xJuvenile literature.
650 0 _aHistory, Modern
_y20th century
_xPictorial works.
650 0 _aChronology, Historical
_xJuvenile literature.
_xJuvenile literature.
650 1 _aHistory, Modern
_y20th century.
650 1 _aChronology, historical.
710 2 _aDK Publishing, Inc.
001 data
999 _c319
_d319